Історія держави і права країн Стародавнього світу (Запис № 292512)

МАРК-запис
000 -Лідер
fixed length control field 00931nam a22002657a 4500
001 - Контрольний номер
control field 33374
003 - Ідентифікатор контрольного номера
control field UA-OsUOA
005 - Дата та час останнього входження (трансакції)
control field 20210903113245.0
007 - Фіксоване поле фізичного опису
fixed length control field ta
008 - Елементи даних фіксованої довжини – загальна інформація
fixed length control field 20050825b un ||||| |||| 00| 0 ukr d
020 ## - Міжнародний стандартний книжковий номер (ISBN)
Міжнародний стандартний книжковий номер (ISBN) (НП) 9667445135
040 ## - Джерело каталогізації
Агенція оригінальної каталогізації UA-OsUOA
Мова каталогізації ukr
Агенція, яка здійснювала перезапис UA-OsUOA
Агенція, яка здійснювала модифікацію UA-OsUOA
041 ## - Код мови
Код мови тексту/ звукової доріжки чи окремого заголовка (П) ukr
080 ## - Індекс Універсальної десяткової класифікації
Індекс Універсальної десяткової класифікації (УДК) (НП) 340.12(091)(075.8)
090 ## - Локальний шифр розміщення
Класифікаційний індекс УДК 340.12(091)(075.8)
Авторський знак (НП) Т47
100 ## - Основне введення – ім’я особи
Ім’я особи (НП) Тищик Б. Є.
245 ## - Відомості про назву
Назва (НП) Історія держави і права країн Стародавнього світу
Решта назви (НП) навчальний посібник у двох томах
260 ## - Публікація, розповсюдження і т.п. (Вихідні дані)
Місце публікації, розповсюдження і т.п. (П) Львів
Ім’я/ наймення видавництва, розповсюджувача і т.п. (П) Сполом
Дата публікації, розповсюдження і т.п. (П) 1999
300 ## - Фізичний опис
Обсяг 188 с.
505 ## - Форматована примітка про зміст
Змішана інформація Т. 1
650 #7 - Додаткове предметне введення – тематичний термін
Тематичний термін чи географічна назва, як елемент введення (НП) 340 Право в цілому. Пропедевтика. Методи та допоміжні правничі науки
Джерело заголовка чи терміна UDC
942 ## - Додаткові елементи входу (Коха)
Тип елемента Koha Книги
Source of classification or shelving scheme Universal Decimal Classification
955 ## - Код типу видання за змістом
Код типу видання за змістом (НП) Навчальні видання
Фонди
Стан вилучень Стан втрат Джерело класифікації або схеми стелажів Стан уражень Не для кредиту Код колекції Постійне місце розташування Поточне розміщення Дата придбання Джерело придбання Вартість, звичайна ціна покупки Послідовне перерахування / хронологія Інвентарний номер Усього замовленно Повний номер виклику Штрих-код Дата останнього перегляду Дата останньої перевірки Ціна ефективна від Тип елемента Koha Усього утримується Перевірено Загальна кількість оновлень
    Universal Decimal Classification       АБ - Абонемент НБ АБ - Абонемент НБ 07/02/2005   23.58 Т. 1 50677 2 340.12(091)(075.8) Т47 50677 16/09/2022 16/09/2022 26/02/2004 Книги   30/09/2022  
Withdrawn   Universal Decimal Classification   Not For Loan   АБ - Абонемент НБ АБ - Абонемент НБ 07/02/2005   23.58 Т. 1 50680   340.12(091)(075.8) Т47 50680 13/07/2019   26/02/2004 Книги 1    
    Universal Decimal Classification       Наукова бібліотека НаУОА Наукова бібліотека НаУОА 25/08/2005     Т. 1 66752   340.12(091)(075.8) Т47 66752 06/02/2022   25/08/2005 Книги      
Withdrawn   Universal Decimal Classification       Наукова бібліотека НаУОА Наукова бібліотека НаУОА 25/08/2005     Т. 1 66756   340.12(091)(075.8) Т47 66756 13/07/2019   25/08/2005 Книги 1    
    Universal Decimal Classification       Наукова бібліотека НаУОА Наукова бібліотека НаУОА 25/08/2005     Т. 1 66758   340.12(091)(075.8) Т47 66758 06/02/2022   25/08/2005 Книги      
    Universal Decimal Classification     Колекція Пасічника І.Д. ЧЗ - Читальна зала ЧЗ - Читальна зала 06/07/2007 124/2007 3.00 Т. 1 105532 9 340.12(091)(075.8) Т47 105532 06/02/2022 08/10/2020 25/08/2005 Книги      
    Universal Decimal Classification       ЧЗ - Читальна зала ЧЗ - Читальна зала 25/08/2005     Т. 1 66751 6 340.12(091)(075.8) Т47 66751 06/02/2022 05/11/2019 25/08/2005 Книги      
Withdrawn   Universal Decimal Classification       ЧЗ - Читальна зала ЧЗ - Читальна зала 26/02/2004   23.58 Т. 1 66753   340.12(091)(075.8) Т47 66753 13/07/2019   26/02/2004 Книги 1    
Withdrawn   Universal Decimal Classification       ЧЗ - Читальна зала ЧЗ - Читальна зала 26/02/2004   10.00 Т. 1 66754   340.12(091)(075.8) Т47 66754 13/07/2019   26/02/2004 Книги      
    Universal Decimal Classification       ЧЗ - Читальна зала ЧЗ - Читальна зала 26/02/2004   50.63 Т. 1 66755 5 340.12(091)(075.8) Т47 66755 06/02/2022 28/09/2020 26/02/2004 Книги     1